Un peu de Layton... - Statistiques

Statistiques générales
  • Ce quiz a été pris 76 fois
  • Le résultat moyen est 23 sur 40
Statistiques - réponses
1ère trilogie (dans l'ordre de sortie des jeux) Réponse % Correct
Comment s'appelle son apprenti ? Luke
98%
La fille qu'il adopte dans le premier jeu se nomme ? Flora
94%
Nom du deuxième jeu Professeur Layton et la Boîte de Pandore
94%
Nom du premier jeu Professeur Layton et l'Étrange Village
92%
L'inspecteur qui l'accompagne dans la première trilogie Chelmey
83%
Ennemi récurrent des trois premiers jeux... Don Paolo
81%
Comment s'appelle son assistante ? Emmy
81%
Nom du troisième jeu Professeur Layton et le Destin perdu
77%
Nom du deuxième jeu Professeur Layton et le Masque des miracles
77%
De quelle couleur est le scooteur de l'assistante ? Jaune
73%
Nom du premier jeu Professeur Layton et l'Appel du Spectre
71%
Celui qui essaie de trouver le jardin d'or est... Descole
69%
Il y a la présence d'une civilisation dans ces jeux, quel est son nom ? Aslantes
67%
L'inspecteur sportif mais pas très malin Grosky
67%
Ville où se passe le troisième jeu Londres
67%
Nom du troisième jeu Professeur Layton et l'Héritage des Aslantes
67%
Vampire du deuxième jeu Vladimir
65%
Celui qui tire les ficelles dans le troisième jeu Clive
63%
Village du premier jeu Saint-Mystère
60%
Qui est le lieutenant qui accompagne l'inspecteur ? Barton
56%
Nom du train dans le deuxième jeu Molentary express
56%
Qui se cache derrière le costume du maitre du masque ? Randall
56%
Ville fantôme du deuxième jeu Folsense
52%
Qui est l'antagoniste du troisième jeu ? (nom entier) Leon Bronev
52%
...Son prénom Paul
50%
Nom de l'organisation dirigée par l'antagoniste Target
48%
Nom du ministre dans le troisième jeu (nom entier) Bill Hawks
46%
Nom de famille du baron dans le premier jeu Reinhold
46%
Qui est son professeur ? Schrader
46%
Comment s'appelle le maire de Misthallery ? (nom entier) Clark Triton
42%
Le masque du chaos et le masque de...... L'ordre
40%
L'explorateur perdu est.... Pavel
40%
Vrai nom du professeur ? (Révélations dans le dernier jeu) Theodore Bronev
40%
Nom de la ville du deuxième jeu Dorémont
38%
Les évènements ont lieu combien de temps après les souvenirs du professeur ? 18 ans
33%
Personnage récurrent expliquant des mécaniques Stachenscarfen
33%
Nom de l'archéologue qu'on rencontre dans le jeu Sycamore
31%
Nom de famille d'Arianna Barde
29%
Comment s'appelle le majordome de la famille du maire ? Doland
23%
Personnage récurrent expliquant quelques mécaniques Aldus
19%
Aucun quiz correspondant
Distribution des résultats
% des personnes avec chaque résultat
Percentile par nombre de réponses
Votre historique - résultats
Vous n’avez pas pris ce quiz